Estadísticas para Capital : País - Europa

Haz click aquí para tomar la prueba!

Estadísticas generales

  • Esta prueba ha sido tomada 2,646 veces
  • La puntuación promedio es 38 de 45

Estadísticas de respuestas

Capital País % Correcto
MadridEspaña
100%
ParísFrancia
100%
MoscúRusia
100%
LondresReino Unido
99%
RomaItalia
99%
AtenasGrecia
98%
ÁmsterdamPaíses Bajos
98%
BerlínAlemania
97%
BruselasBélgica
96%
VienaAustria
95%
HelsinkiFinlandia
94%
DublínIrlanda
94%
CopenhagueDinamarca
93%
VarsoviaPolonia
92%
LuxemburgoLuxemburgo
92%
Andorra la ViejaAndorra
91%
MónacoMónaco
90%
KievUcrania
90%
EstocolmoSuecia
90%
LisboaPortugal
89%
San MarinoSan Marino
89%
OsloNoruega
89%
PragaRepública Checa
89%
BudapestHungría
89%
ReikiavikIslandia
87%
Ciudad del VaticanoCiudad del Vaticano
86%
ZagrebCroacia
85%
SofíaBulgaria
84%
TiranaAlbania
81%
BernaSuiza
81%
BucarestRumania
79%
TallinnEstonia
75%
RigaLetonia
75%
ValetaMalta
75%
BelgradoSerbia
72%
SarajevoBosnia y Herzegovina
72%
MinskBielorrusia
71%
VilnaLituania
70%
BratislavaEslovaquia
68%
LiublianaEslovenia
66%
VaduzLiechtenstein
66%
SkopieMacedonia del Norte
66%
PristinaKosovo
63%
PodgoricaMontenegro
62%
ChisinauMoldavia
57%

Distribución de puntuación

Porcentaje por número respondido

Porcentaje de gente con cada puntuación

Historial de tus puntuaciones

No has tomado esta prueba